00231nam a2200097Ia 4500008004100000100001800041245002800059260003000087300000800117650000800125191201s2012 xx 000 0 und d aONKVISIT, Sak 0aInternational Marketing aN. delhibRoutledgec2012 a710 aBBA